Los movimientos populares desde su praxis latina /

সংরক্ষণ করুন:
গ্রন্থ-পঞ্জীর বিবরন
প্রধান লেখক: Rodríguez Villasante, Tomás
বিন্যাস: পাঠ‍্য
বিষয়গুলি:
ট্যাগগুলো: ট্যাগ যুক্ত করুন
কোনো ট্যাগ নেই, প্রথমজন হিসাবে ট্যাগ করুন!

MARC

LEADER 00000 a a2200000 04500
001 251
003
040
100 |a Rodríguez Villasante, Tomás  
245 |a Los movimientos populares desde su praxis latina /  |c Tomás Rodríguez Villasante 
650 |a MOVIMIENTOS SOCIALES  
650 |a PARTICIPACION SOCIAL  
650 |a METODOLOGIA  
650 |a AMERICA LATINA  
773 |g número 18; páginas 9-29  
999 |c 32506  |d 32506 
773 0 |0 41952  |9 3382  |d Madrid: Solidaridad para el desarrollo y la paz, SODEPAZ-SODEPAU; Asociación Andaluza por la solidaridad y la paz 1990-  |o 03621  |t Africa América Latina:  |x 11302569